000 00627nam a22002177a 4500
999 _c64991
_d64991
005 20240530110801.0
008 190211s2018 ua a f b 000 0 ara d
017 _bمصر. دار الكتب
_a2018/3692
020 _a9789773482978
040 _aEG-CaGPL
_cEG-CaGPL
082 0 4 _221
_a369.43\
_bت ف
100 0 _aتوفيق حبيب
245 1 2 _aالفتيان الكشافة /
_cتوفيق حبيب
250 _aط.1
260 _aالقاهرة :
_c2018 .
300 _a255 ص. ؛
_c24 سم.
650 0 7 _2qrmak
_aالكشافة
651 _2qrmak
942 _2ddc
_cBK